Actuarial models : (Record no. 9889)
[ view plain ]
| 000 -LEADER | |
|---|---|
| fixed length control field | 00617nam a22002052 4500 |
| 001 - CONTROL NUMBER | |
| control field | 0000023614 |
| 005 - DATE AND TIME OF LATEST TRANSACTION | |
| control field | 20151217152245.0 |
| 008 - FIXED-LENGTH DATA ELEMENTS--GENERAL INFORMATION | |
| fixed length control field | 130311s xx 000 0 eng d |
| 020 ## - INTERNATIONAL STANDARD BOOK NUMBER | |
| International Standard Book Number | 1584885866 : |
| 040 ## - CATALOGING SOURCE | |
| Original cataloging agency | KABU |
| Transcribing agency | KABU |
| 100 1# - MAIN ENTRY--PERSONAL NAME | |
| Personal name | Rotar, Vladimir I. |
| -- | 0000183159 |
| 245 10 - TITLE STATEMENT | |
| Title | Actuarial models : |
| Remainder of title | the mathematics of insurance / |
| Statement of responsibility, etc. | Vladimir I. Rotar. |
| 250 ## - EDITION STATEMENT | |
| Edition statement | 1st ed. |
| 260 ## - PUBLICATION, DISTRIBUTION, ETC. (IMPRINT) | |
| Place of publication, distribution, etc. | London : |
| Name of publisher, distributor, etc. | Chapman & Hall, |
| Date of publication, distribution, etc. | 2006. |
| 300 ## - PHYSICAL DESCRIPTION | |
| Extent | xxii, 633 p. |
| 650 #0 - SUBJECT ADDED ENTRY--TOPICAL TERM | |
| Topical term or geographic name as entry element | Insurance |
| General subdivision | Mathematics. |
| -- | 0000183160 |
| 852 1# - LOCATION | |
| -- | p8490 KES |
| 908 ## - PUT COMMAND PARAMETER (RLIN) | |
| Put command parameter | 130311 |
| 950 ## - LOCAL HOLDINGS (RLIN) | |
| -- | 1 |
| Withdrawn status | Lost status | Source of classification or shelving scheme | Not for loan | Home library | Current library | Date acquired | Total Checkouts | Full call number | Barcode | Date last seen | Date last checked out | Price effective from | Koha item type |
|---|---|---|---|---|---|---|---|---|---|---|---|---|---|
| Library of Congress Classification | Kabarak, Main Campus | Kabarak, Main Campus | 17/12/2015 | 9 | HG8781 .R68 2007 c. 1 | 014432 | 23/10/2023 | 09/10/2023 | 17/12/2015 | General Collection |